Constructing and Reconstructing Childhood / Contemporary Issues in the Sociological Study of Childhood (Record no. 6132)
[ view plain ]
| 000 -LEADER | |
|---|---|
| fixed length control field | 01545cam a22002054a 4500 |
| 005 - ΗΜΕΡΟΜΗΝΙΑ ΚΑΙ ΩΡΑ ΤΕΛΕΥΤΑΙΑΣ ΕΝΗΜΕΡΩΣΗΣ | |
| Πεδίο ελέγχου | 20250605164234.0 |
| 008 - FIXED-LENGTH DATA ELEMENTS--GENERAL INFORMATION | |
| Πεδίο ελέγχου σταθερού μήκους | 250528s ||||||||||||||||||||||||d |
| 035 ## - SYSTEM CONTROL NUMBER | |
| System control number | 21061 |
| 020 ## - ISBN | |
| ISBN | 9781138818804 |
| 040 ## - ΠΗΓΗ ΚΑΤΑΛΟΓΟΓΡΑΦΗΣΗΣ | |
| Φορέας πρωτότυπης καταλογογράφησης | MC Athens Campus Library |
| Γλώσσα καταλογογράφησης | Ελληνικά, Μοντέρνα (1453-) |
| Modifying agency | MC Athens Campus Library |
| Κανόνες περιγραφικής καταλογογράφησης | AACR2 |
| 245 1# - ΤΙΤΛΟΣ ΚΑΙ ΔΗΛΩΣΗ ΥΠΕΥΘΥΝΟΤΗΤΑΣ | |
| Τίτλος | Constructing and Reconstructing Childhood / Contemporary Issues in the Sociological Study of Childhood |
| 260 ## - PUBLICATION, DISTRIBUTION, ETC. | |
| Name of publisher, distributor, etc. | Rouledge, |
| Date of publication, distribution, etc. | 2015 |
| 300 ## - PHYSICAL DESCRIPTION | |
| Extent | 234 |
| 520 ## - SUMMARY, ETC. | |
| Summary, etc. | A potent blend of ideas that informed, even inspired, many empirical studies of children's lives. Acknowledgements, Preface, Introduction, A New Paradigm for the Sociology of Childhood?: Provenance and Promise and Problems, Constructions and Reconstructions of British Childhood: An Interpretative Survey - 1800 to Present, Psychology and the Cultural Construction of Children's Needs, A Voice for Children in Statistical and Social Accounting: A Plea for Children's Right to be Heard, It's a Small World: Disneyland and the Family and the Multiple Re-Representation of American Childhood, Negotiating Childhood: Changing Constructions of Age for Norwegian Children, Street Children: Deconstructing a Construct, Who are you Kidding?: Children and Power and the Struggle Against Sexual Abuse, Childhood and the Policy Makers: A Comparative Perspective on the Globalization of Childhood, Re-presenting Childhood: Time and Transition in the Study of Childhood, Notes on Contributors, Index. |
| 700 1# - ΠΡΟΣΘΕΤΗ ΑΝΑΓΡΑΦΗ--ΦΥΣΙΚΟ ΠΡΟΣΩΠΟ | |
| Personal name | James Allison |
| 9 (RLIN) | 7095 |
| 700 1# - ΠΡΟΣΘΕΤΗ ΑΝΑΓΡΑΦΗ--ΦΥΣΙΚΟ ΠΡΟΣΩΠΟ | |
| Personal name | Prout Alan |
| 9 (RLIN) | 7096 |
| 942 ## - ADDED ENTRY ELEMENTS (KOHA) | |
| Koha item type | Books |
| Τύπος τεκμηρίου | Βιβλιοθήκη | Τρέχουσα τοποθεσία | Barcode | Αριθμός εισαγωγής | Ημερομηνία απόκτησης | Ταξιθετικό σύμβολο | Αριθμός αντιτύπου | Κατάσταση απόσυρσης | Κατάσταση χαμένου | Κατάσταση κατεστραμμένου | Μη δανεισμός | Σύνολο δανεισμών | Ημερομηνία τελευταίας εμφάνισης | Η τιμή ισχύει από |
|---|---|---|---|---|---|---|---|---|---|---|---|---|---|---|
| Books | MC Athens Campus Library | MC Athens Campus Library | 9780000061317 | 7076 | 05/06/2025 | 305.23 JAM | 1 | 05/06/2025 | 05/06/2025 |